DATABASE MANAGEMENT SYSTEM / (Record no. 78293)

MARC details
000 -LEADER
fixed length control field 00548nam a2200205Ia 4500
008 - FIXED-LENGTH DATA ELEMENTS--GENERAL INFORMATION
fixed length control field 220922s9999||||xx |||||||||||||| ||und||
020 ## - INTERNATIONAL STANDARD BOOK NUMBER
International Standard Book Number 71168982
040 ## - CATALOGING SOURCE
Transcribing agency SFLIB
041 ## - LANGUAGE CODE
Language code of text/sound track or separate title English
082 ## - DEWEY DECIMAL CLASSIFICATION NUMBER
Classification number COM-APLS
Item number 235
100 ## - MAIN ENTRY--PERSONAL NAME
Personal name JOHANNES GEHRKE
100 ## - MAIN ENTRY--PERSONAL NAME
Personal name RAGHU RAMKRISHNAN
245 #0 - TITLE STATEMENT
Title DATABASE MANAGEMENT SYSTEM /
Statement of responsibility, etc. by RAGHU RAMKRISHNAN & JOHANNES GEHRKE
250 ## - EDITION STATEMENT
Edition statement 2nd ed.
260 ## - PUBLICATION, DISTRIBUTION, ETC.
Place of publication, distribution, etc. NEW DELHI :
Name of publisher, distributor, etc. McGraw Hill Education,
Date of publication, distribution, etc. 2000
300 ## - PHYSICAL DESCRIPTION
Extent 906 p.
650 ## - SUBJECT ADDED ENTRY--TOPICAL TERM
Topical term or geographic name entry element database management system
650 ## - SUBJECT ADDED ENTRY--TOPICAL TERM
Topical term or geographic name entry element dbms
942 ## - ADDED ENTRY ELEMENTS (KOHA)
Koha item type SF Library Books
Holdings
Withdrawn status Lost status Damaged status Collection code Not for loan Home library Current library Shelving location Date acquired Total Checkouts Full call number Barcode Date last seen Price effective from Koha item type
      Computer Applications   Z - SF LIBRARY@STCP Z - SF LIBRARY@STCP Shelf 1 - Rack 5 2022-09-24   COM-APLS 235 SF1240 2022-09-24 2022-09-24 SF Library Books
Rights reserved ©2021 ST. THOMAS COLLEGE LIBRARY
A joint venture of - St. Thomas College Library and
Department of Computer Science, St. Thomas Collge Palai